000 00787nam a22002297a 4500
003 OSt
005 20260420020516.0
008 260420b |||||||| |||| 00| 0 eng d
020 _a978-621-8000-834
040 _aDWCL SHS Lib
_cOC
082 _aFil. 302.23 A154m
100 _aAboga, Fernando Jr.
245 _aMedia and information literacy :
_btransforming society through student empowerment
_cFernando Aboga, Jr.,
260 _aQuezon City, Phils.
_bTechfactors, Inc.
_cc2017
300 _aix, 164 pages :
_billustrations ;
_c26 cm.
500 _aIncludes bibliography.
650 _a1. Media literacy.
650 _a2. Information literacy.
650 _a3. Mass-media--Study and teaching.
700 _aAgapay, Rey Christopher N.
942 _2ddc
_cBK - FIL
_hFil.
_n0
999 _c9514
_d9514